| 000 | 00530nam a2200145Ia 4500 | ||
|---|---|---|---|
| 008 | 170221s9999 xx 000 0 und d | ||
| 100 | _aYong-Soo Cheon | ||
| 245 | 2 | _aA Study on the Relationship among Physical Environment of Festivals, Perceived Value, Participation Satisfaction, and Festival Image | |
| 245 | _cYong-Soo Cheon | ||
| 260 | _bInternational Review of Management and Marketing | ||
| 260 | _c2013 | ||
| 300 | _a8 : 2 | ||
| 650 | _xMarketing. | ||
| 856 | _uhttp://www.econjournals.com/index.php/irmm/issue/view/83 | ||
| 999 |
_c313787 _d313787 |
||